000 00479nam a22001817a 4500
003 BDDh-ASL
005 20231015031038.0
008 221021s1869 ii ||||| |||| 00| 0 urd d
040 _aBDDh-ASL
_cBDDh-ASL
041 _aurd
082 _a297
_bDIK
100 1 _96723
_aDihlavi, Syed Ahmad
245 1 0 _aKanzul Fawaid : / کنز الفوا‏ئد
260 _aKanpur :
_bNizami Press ,
_c1869.
300 _a86 p. :
_c22 cm.
650 0 _91652
_aIslam
942 _2ddc
_cBK
999 _c29587
_d29587